Membentuk identiti remaja

Bibliographic Details
Main Author: Azizi Yahaya
Other Authors: Jaafar Sidek Latif, Judul
Format: Book
Published: Pahang : PTS Publications & Distributors , 2005
Subjects:

MARC

LEADER 00000cam a2200000 7i4500
001 0000012072
005 20080122.0
020 |a 9833585027 
090 0 0 |a 155.5 AZI 
100 1 |a Azizi Yahaya 
245 1 0 |a Membentuk identiti remaja   |c Azizi Yahaya, Jaafar Sidek Latif 
260 |a Pahang :   |b PTS Publications & Distributors ,   |c 2005 
650 0 |a Adolescents psychology 
650 0 |a Cognition in adolescence 
650 0 |a Identity (Psychology)in adolescence 
700 0 |a Jaafar Sidek Latif 
700 0 |a Judul 
999 |a 0000921861   |b Book   |c Adult Collection   |e Cawangan Bukit Gambir 
999 |a 0000933185   |b Book   |c Adult Collection   |e Cawangan Tangkak 
999 |a 0000933186   |b Book   |c Adult Collection   |e Cawangan Tangkak 
999 |a 0000933187   |b Book   |c Adult Collection   |e Cawangan Tangkak 
999 |a 0001004550   |b Book   |c Adult Collection   |e Perbadanan Perpustakaan Awam Johor 
999 |a 0001004551   |b Book   |c Adult Collection   |e Perbadanan Perpustakaan Awam Johor 
999 |a 0001010849   |b Book   |c Adult Collection   |e Perbadanan Perpustakaan Awam Johor 
999 |a 0001072449   |b Book   |c Adult Collection   |e Cawangan Mersing